| 000 | 00570nam a22001817a 4500 | ||
|---|---|---|---|
| 005 | 20231113114245.0 | ||
| 008 | 231113b |||||||| |||| 00| 0 eng d | ||
| 020 | _a9780702119620 ; 0702119628 | ||
| 041 | _aEnglish | ||
| 082 | _a345.5 COM | ||
| 100 |
_aDu Toit, E et al. _lEnglish |
||
| 245 |
_aCommentary on the Criminal Procedure Act / _cE Du Toit et al. |
||
| 250 | _aFirst Edition | ||
| 260 |
_aCape Town : _bCommentary on the Criminal Procedure Act, _c1987 |
||
| 300 | _c26 cm. | ||
| 650 |
_aLegal Practice _bLaw |
||
| 942 |
_cBK _6ALISON_BN_VRIES |
||
| 999 |
_c563 _d563 |
||